ბათუმის შოთა რუსთაველის სახელმწიფო უნივერსიტეტის ბიბლიოთეკა

დისკო (ბიბ.ჩანაწერი № 43937)

000 -LEADER
fixed length control field 00648nam a2200229Ia 4500
001 - CONTROL NUMBER
control field 10686
003 - CONTROL NUMBER IDENTIFIER
control field GE_BSU
008 - FIXED-LENGTH DATA ELEMENTS--GENERAL INFORMATION
fixed length control field 181216s||||||||xx |||||||||||||| ||und||
040 ## - CATALOGING SOURCE
Transcribing agency GE_BSU
080 ## - UNIVERSAL DECIMAL CLASSIFICATION NUMBER
Universal Decimal Classification number 821.353.1-1
100 ## - MAIN ENTRY--PERSONAL NAME
Personal name ფოცხიშვილი,მორის
245 ## - TITLE STATEMENT
Title დისკო
245 ## - TITLE STATEMENT
Remainder of title ლექსები.
245 ## - TITLE STATEMENT
Statement of responsibility, etc. რედ.ა.ბრეგაძე;მხატვ.თ.ფოცხიშვილი.
260 ## - PUBLICATION, DISTRIBUTION, ETC.
Place of publication, distribution, etc. თბილისი.
260 ## - PUBLICATION, DISTRIBUTION, ETC.
Name of publisher, distributor, etc. ნაკადული.
260 ## - PUBLICATION, DISTRIBUTION, ETC.
Date of publication, distribution, etc. 1985.
300 ## - PHYSICAL DESCRIPTION
Extent 151გვ;20სმ.
300 ## - PHYSICAL DESCRIPTION
Accompanying material ილ.
653 ## - INDEX TERM--UNCONTROLLED
Uncontrolled term დისკო
942 ## - ADDED ENTRY ELEMENTS (KOHA)
Koha item type წიგნი
ეგზემპლარები
Withdrawn status Lost status Damaged status Not for loan Date acquired Barcode Date last seen Price effective from Koha item type
        2018-12-17 34948 2018-12-17 2018-12-17 წიგნი
        2018-12-17 34949 2018-12-17 2018-12-17 წიგნი